| 000 | 01970nam a2200301Ia 4500 | ||
|---|---|---|---|
| 999 |
_c53984 _d53984 |
||
| 001 | 21035 | ||
| 003 | GE_BSU | ||
| 005 | 20210708181443.0 | ||
| 008 | 181216s2017||||ge |||||||||||||| ||geo|| | ||
| 020 | _a9789941097713 | ||
| 040 | _cGE_BSU | ||
| 041 | _ageo | ||
| 080 | _a631.4 ს-47 | ||
| 245 |
_aსიამაყე და ტკივილი / _cტექსტის ავტორები : თენგიზ (გიზო) ურუშაძე, თინათინ სადუნიშვილი ;რედაქტორი გიორგი (ოთარ) კვესიტაძე ; ფოტოსურათების ავტორები : ოთარ აბდალაძე, არნოლდ გეგეჭკორი, ბესო გელაშვილი [და სხვ.] |
||
| 260 | _aთბილისი | ||
| 260 | _b(საქ. მეცნ. ეროვნული აკადემიის სტამბა) | ||
| 260 | _c2017 | ||
| 300 |
_a96 გვ. : _b ფოტ., რუკები ; _c20 სმ. |
||
| 500 | _aიბეჭდება საქართველოს მეცნიერებათა ეროვნული აკადემიის სარედაქციო-საგამომცემლო საბჭოს გადაწყვეტილებით | ||
| 541 | _h5ლ. | ||
| 653 | _aნიადაგმცოდნეობა | ||
| 653 | _aსიამაყე და ტკივილი | ||
| 653 | _aსოფლის მეურნეობა | ||
| 700 |
_aურუშაძე, თენგიზ (გიზო) _eტექსტის ავტორი _912221 |
||
| 700 |
_a სადუნიშვილი, თინათინ _eტექსტის ავტორი _912222 |
||
| 700 |
_aკვესიტაძე, გიორგი (ოთარ) _eრედაქტორი _912223 |
||
| 942 |
_cBK _2udc |
||